000 01106nam a2200313Ia 4500
003 OSt
005 20221007124548.0
006 a|||||r|||| 00| 0
007 ta
008 221006b |||||||| |||| 00| 0 eng d
020 _a9781466506206 (hbk)
024 _a192938
037 _b302, 13/02/2015, Vardhman Books
_cTextual
040 _aCDL
_cCDL
_beng
041 _2eng
_aeng
082 _aE:2, Q3 Carc
100 _aGhosh Swapan Kumar
_9719617
245 0 _aConcepts and methods in modern theoretical chemistry: statistical mechenics
_b Chattaraj Pratim kumar
260 _aBoca
_bRaton CRC
_c2013
300 _axxxiii, 316p. ill.
_ccm.
500 _aIndex 309-316p.
650 _a Mechanism of chemical reactions
_9719618
650 _a Quantum brownian motion
_9719619
650 _a Symmetries and conservation laws
_9719620
650 _aTransport properties
_9715506
700 _a Chattaraj Pratim kumar
_9719621
942 _hE:2, Q3 Carc
_cTEXL
_2CC
999 _c1213734
_d1213734